000 00484nam a2200169Ia 4500
008 230917s9999||||xx |||||||||||||| ||und||
020 _cUSD99.95
040 _e228031
_aMAIN
041 _aEnglish
082 _a363.2502454 H812F
100 _aHouck, Max M, ed.
245 0 _aForensic chemistry: Advanced forensic science series
260 _aAmsterdam
_bAcademic Press
_c2015
300 _axix, 471 p.
500 _a2100 28/09/2015 HBD15/6474 01/09/2015 Main Budget
942 _cBK
999 _c15910
_d15910